| 000 | 00638nam a2200217 a 4500 | ||
|---|---|---|---|
| 999 |
_c2816 _d2816 |
||
| 001 | 2816 | ||
| 003 | BD-JhCC | ||
| 005 | 20171106211749.0 | ||
| 008 | 171106s1990 bg |||| ||a| 000 0 ben d | ||
| 035 | _a(BD-JhCC)2816 | ||
| 040 |
_aBD-JhCC _dBD-JhCC |
||
| 041 | _aben | ||
| 082 |
_a891.443 _bMIL 1990 |
||
| 100 | _aমিলন, ইমদাদুল হক | ||
| 245 |
_aকোন কাননের ফুল / _cইমদাদুল হক মিলন, |
||
| 260 |
_aঢাকা : _bবিদ্যা প্রকাশ, _c1990 |
||
| 300 |
_a156 p. : _c22 cm. |
||
| 650 | _aBengali Novel | ||
| 942 |
_2ddc _cBK |
||